000 00681nam a2200289Ia 4500
005 20260324131334.0
008 008 260324s9999 xx 000 0 eng d
020 _a9780203769157
037 _aEBOOK
040 _aCRL
040 _beng
040 _cCRL
041 _2eng
041 _aeng
084 _qCRL
100 _aMarion Nash; Jackie Lowe
_91185082
245 0 _aLanguage Development for Science
245 0 _bActivities for Home
260 _bTaylor and Francis
260 _c2006
365 _a
365 _b205
856 _uhttp://www.taylorfrancis.com/books/9780203769157
942 _cEBOOK
999 _c1782191
_d1782191